Peníze

Salvato in:
Dettagli Bibliografici
Autore principale: Petřivalský, Jiří
Natura: Libro
Lingua:ceco
Pubblicazione: Praha Nad zlato 1991
Edizione:1. vyd.
Tags: Aggiungi Tag
Nessun Tag, puoi essere il primo ad aggiungerne!!

MARC

LEADER 00000nam a2200000 4500
001 c024554
005 20221214101703.1
041 0 |a cze 
044 |a CZ 
245 1 0 |a Peníze  |c Jiří Petřivalský 
250 |a 1. vyd. 
264 1 |a Praha  |b Nad zlato  |c 1991 
300 |a 48 s. 
100 1 |a Petřivalský, Jiří